Ohio Counties-County Seats Matching-South Quiz Stats

Quiz not verified by Sporcle

Challenge
Share
Tweet
Wrong answers do not count against you on this quiz.
Score 0/44 Timer 08:00
0 Plays Today
% Correct
Athens
97.2%
Hamilton
97.2%
Franklin
94.4%
Delaware
91.7%
Coshocton
88.9%
Montgomery
88.9%
Scioto
88.9%
Clermont
86.1%
Gallia
83.3%
Muskingum
83.3%
Clark
80.6%
Jackson
80.6%
Licking
80.6%
Ross
80.6%
Fairfield
77.8%
Fayette
77.8%
Guernsey
77.8%
Adams
75%
Pickaway
75%
Washington
75%
Brown
72.2%
Butler
72.2%
% Correct
Greene
72.2%
Lawrence
72.2%
Belmont
69.4%
Darke
69.4%
Madison
69.4%
Vinton
69.4%
Warren
69.4%
Shelby
66.7%
Highland
66.7%
Preble
66.7%
Champaign
63.9%
Clinton
63.9%
Hocking
63.9%
Perry
63.9%
Pike
63.9%
Portage
63.9%
Harrison
61.1%
Meigs
61.1%
Miami
61.1%
Monroe
58.3%
Noble
58.3%
Morgan
55.6%

You're not logged in!

Compare scores with friends on all Sporcle quizzes.
Join for Free
OR
Log In

You Might Also Like...

Show Comments

Extras

Top Quizzes Today


Score Distribution

Your Account Isn't Verified!

In order to create a playlist on Sporcle, you need to verify the email address you used during registration. Go to your Sporcle Settings to finish the process.

Report this User

Report this user for behavior that violates our Community Guidelines.

Details: